[Event "Aleksandria Cup"]
[Site "?"]
[Date "2015.07.17"]
[Round "6.4"]
[White "Kekelidze, Mikheil"]
[Black "Paichadze, Luka"]
[Result "0-1"]
[LiveChessVersion "1.3.1"]
[BlackElo "2566"]
[WhiteElo "2426"]

1. Nf3 {[%clk 1:29:15]} Nf6 {[%clk 1:30:48]} 2. c4 {[%clk 1:29:26]} e6
{[%clk 1:31:12]} 3. g3 {[%clk 1:29:04]} a6 {[%clk 1:31:34]} 4. e3
{[%clk 1:28:05]} c5 {[%clk 1:30:02]} 5. b3 {[%clk 1:26:59]} Nc6 {[%clk 1:28:33]}
6. Bb2 {[%clk 1:26:34]} Be7 {[%clk 1:28:31]} 7. Bg2 {[%clk 1:23:00]} b5
{[%clk 1:28:41]} 8. O-O {[%clk 1:17:03]} Qb6 {[%clk 1:28:58]} 9. Na3
{[%clk 1:14:48]} d5 {[%clk 1:22:00]} 10. d3 {[%clk 1:09:17]} O-O {[%clk 1:21:41]}
11. Qe2 {[%clk 1:09:04]} Bb7 {[%clk 1:21:24]} 12. e4 {[%clk 1:02:40]} bxc4
{[%clk 1:12:23]} 13. bxc4 {[%clk 0:59:56]} dxe4 {[%clk 1:03:51]} 14. dxe4
{[%clk 1:00:21]} Nd4 {[%clk 1:03:39]} 15. Nxd4 {[%clk 0:58:01]} cxd4
{[%clk 1:04:04]} 16. e5 {[%clk 0:35:10]} Bxg2 {[%clk 1:02:28]} 17. Rfb1
{[%clk 0:28:19]} d3 {[%clk 0:51:58]} 18. Qxd3 {[%clk 0:28:00]} Qc6
{[%clk 0:40:24]} 19. exf6 {[%clk 0:27:05]} Bh3 {[%clk 0:39:22]} 20. f3
{[%clk 0:26:56]} Rfd8 {[%clk 0:38:41]} 0-1

[Event "Aleksandria Cup"]
[Site "?"]
[Date "2015.07.17"]
[Round "6.5"]
[White "Bortnyk, Olexander"]
[Black "Pourramezanali, Amirreza"]
[Result "1/2-1/2"]
[LiveChessVersion "1.3.1"]
[BlackElo "2441"]
[WhiteElo "2550"]

1. d4 {[%clk 1:18:22]} d5 {[%clk 1:30:48]} 2. Nc3 {[%clk 1:18:38]} Nf6
{[%clk 1:31:10]} 3. Bf4 {[%clk 1:19:04]} Bf5 {[%clk 1:31:16]} 4. f3
{[%clk 1:19:27]} e6 {[%clk 1:31:36]} 5. g4 {[%clk 1:19:53]} Bg6 {[%clk 1:31:59]}
6. h4 {[%clk 1:20:20]} h5 {[%clk 1:32:19]} 7. g5 {[%clk 1:20:47]} Nfd7
{[%clk 1:32:42]} 8. e3 {[%clk 1:20:58]} Nc6 {[%clk 1:32:42]} 9. Bd3
{[%clk 1:21:04]} Bxd3 {[%clk 1:33:04]} 10. Qxd3 {[%clk 1:21:30]} Nb6
{[%clk 1:33:23]} 11. Nge2 {[%clk 1:20:21]} 1/2-1/2

[Event "Aleksandria Cup"]
[Site "?"]
[Date "2015.07.17"]
[Round "6.6"]
[White "Mikaelyan, Arman"]
[Black "Rasulov, Vugar"]
[Result "0-1"]
[LiveChessVersion "1.3.1"]
[BlackElo "2504"]
[WhiteElo "2436"]

1. d4 {[%clk 1:30:55]} Nf6 {[%clk 1:30:09]} 2. Nf3 {[%clk 1:31:19]} c5
{[%clk 1:30:09]} 3. d5 {[%clk 1:31:41]} b5 {[%clk 1:30:18]} 4. Bg5
{[%clk 1:31:41]} d6 {[%clk 1:29:23]} 5. Bxf6 {[%clk 1:26:41]} exf6
{[%clk 1:29:23]} 6. e4 {[%clk 1:26:37]} a6 {[%clk 1:29:47]} 7. a4
{[%clk 1:23:08]} b4 {[%clk 1:29:42]} 8. Nbd2 g6 {[%clk 1:25:13]} 9. Bd3
{[%clk 1:18:55]} Bg7 {[%clk 1:25:19]} 10. Nc4 {[%clk 1:17:31]} O-O 11. O-O
{[%clk 1:11:49]} Qc7 {[%clk 1:16:12]} 12. Nfd2 {[%clk 1:11:49]} Bb7
{[%clk 1:14:37]} 13. f4 {[%clk 1:08:26]} f5 {[%clk 1:11:22]} 14. exf5
{[%clk 1:05:39]} Bxd5 {[%clk 1:11:04]} 15. fxg6 {[%clk 0:50:20]} fxg6
{[%clk 0:57:45]} 16. Be4 {[%clk 0:50:20]} Bc6 17. Qf3 {[%clk 0:45:26]} Bxe4
{[%clk 0:56:55]} 18. Nxe4 {[%clk 0:41:08]} Nc6 {[%clk 0:55:31]} 19. Ng5
{[%clk 0:33:58]} Rae8 {[%clk 0:47:27]} 20. Qd5+ {[%clk 0:32:57]} Kh8
{[%clk 0:47:55]} 21. Nxd6 {[%clk 0:32:24]} Re7 {[%clk 0:47:01]} 22. Rad1
{[%clk 0:10:25]} Nd4 {[%clk 0:47:01]} 23. Rf2 {[%clk 0:08:33]} Rd7
{[%clk 0:42:36]} 24. Nge4 {[%clk 0:07:36]} Rfd8 {[%clk 0:41:34]} 25. c3
{[%clk 0:07:12]} Rxd6 {[%clk 0:40:02]} 26. Nxd6 {[%clk 0:07:38]} Rxd6
{[%clk 0:40:26]} 27. Qe4 {[%clk 0:07:30]} Ne6 {[%clk 0:39:15]} 28. Rxd6
{[%clk 0:07:00]} Qxd6 {[%clk 0:39:44]} 29. Qa8+ {[%clk 0:06:41]} Nf8
{[%clk 0:39:58]} 30. f5 {[%clk 0:06:32]} bxc3 {[%clk 0:40:13]} 31. f6
{[%clk 0:05:02]} Bh6 {[%clk 0:40:15]} 32. Qf3 {[%clk 0:03:07]} cxb2
{[%clk 0:40:35]} 33. Rf1 {[%clk 0:03:06]} Qd2 {[%clk 0:40:10]} 34. Qb7
{[%clk 0:01:52]} Qb4 {[%clk 0:38:28]} 0-1

[Event "Aleksandria Cup"]
[Site "?"]
[Date "2015.07.17"]
[Round "6.8"]
[White "Kostenko, Petr"]
[Black "Rozhko, Dmitry"]
[Result "1-0"]
[LiveChessVersion "1.3.1"]
[BlackElo "2349"]
[WhiteElo "2457"]

1. e4 {[%clk 1:30:54]} e6 {[%clk 1:30:52]} 2. d4 {[%clk 1:31:15]} d5
{[%clk 1:31:16]} 3. Nc3 {[%clk 1:31:39]} dxe4 {[%clk 1:31:24]} 4. Nxe4
{[%clk 1:32:04]} Bd7 {[%clk 1:31:50]} 5. Nf3 {[%clk 1:32:08]} Bc6
{[%clk 1:32:14]} 6. Bd3 {[%clk 1:32:06]} Nd7 {[%clk 1:32:39]} 7. O-O
{[%clk 1:32:20]} Ngf6 {[%clk 1:33:01]} 8. Ng3 {[%clk 1:28:17]} Be7
{[%clk 1:33:09]} 9. Re1 {[%clk 1:27:10]} O-O {[%clk 1:30:26]} 10. c3
{[%clk 1:26:44]} Re8 {[%clk 1:18:10]} 11. Bc2 {[%clk 1:26:48]} b6
{[%clk 1:16:23]} 12. Bf4 {[%clk 1:24:48]} Qc8 {[%clk 1:11:10]} 13. Ne5
{[%clk 1:23:41]} Qb7 {[%clk 1:07:50]} 14. Nxc6 {[%clk 1:23:44]} Qxc6
{[%clk 1:08:17]} 15. Ne4 {[%clk 1:23:51]} b5 {[%clk 0:59:15]} 16. Qf3
{[%clk 1:23:55]} Qb6 {[%clk 0:58:32]} 17. Qh3 {[%clk 1:24:00]} Nf8
{[%clk 0:54:19]} 18. a4 {[%clk 1:14:49]} bxa4 {[%clk 0:51:35]} 19. Nxf6+
{[%clk 1:14:15]} Bxf6 {[%clk 0:51:13]} 20. Bxa4 {[%clk 1:14:40]} Rec8
{[%clk 0:39:36]} 21. b4 {[%clk 1:05:55]} Ng6 {[%clk 0:38:27]} 22. Be3
{[%clk 1:06:10]} Qd6 {[%clk 0:37:36]} 23. Bc2 {[%clk 1:06:16]} a5
{[%clk 0:30:50]} 24. bxa5 {[%clk 1:05:39]} c5 {[%clk 0:31:06]} 25. Be4
{[%clk 1:02:54]} Ra7 {[%clk 0:26:50]} 26. Red1 {[%clk 0:55:05]} Qa6
{[%clk 0:24:15]} 27. Bd3 {[%clk 0:49:07]} Qc6 {[%clk 0:20:35]} 28. a6
{[%clk 0:45:36]} cxd4 {[%clk 0:17:13]} 29. cxd4 {[%clk 0:45:48]} Qd5
{[%clk 0:14:23]} 30. g3 {[%clk 0:37:37]} Nf8 {[%clk 0:10:53]} 31. Qg2
{[%clk 0:36:31]} Qd6 {[%clk 0:06:20]} 32. d5 {[%clk 0:33:15]} Raa8
{[%clk 0:04:22]} 33. dxe6 {[%clk 0:33:19]} Qxe6 {[%clk 0:04:06]} 34. Ra5
{[%clk 0:31:12]} Qb3 {[%clk 0:03:14]} 35. Qf1 {[%clk 0:30:25]} Rd8
{[%clk 0:02:20]} 36. Be2 {[%clk 0:29:06]} Ne6 {[%clk 0:01:51]} 37. Rxd8+
{[%clk 0:28:32]} Bxd8 {[%clk 0:01:51]} 38. Ra1 {[%clk 0:28:43]} Qd5
{[%clk 0:00:39]} 39. Qg2 {[%clk 0:28:42]} Qxg2+ {[%clk 0:00:59]} 40. Kxg2
{[%clk 0:59:07]} Bf6 {[%clk 0:30:54]} 41. Ra4 {[%clk 0:59:23]} Nc7
{[%clk 0:29:39]} 42. a7 {[%clk 0:59:30]} 1-0

[Event "Aleksandria Cup"]
[Site "?"]
[Date "2015.07.17"]
[Round "6.9"]
[White "Harutjunyan, Gevorg"]
[Black "Guseynov, Alihan"]
[Result "1-0"]
[LiveChessVersion "1.3.1"]
[BlackElo "2255"]
[WhiteElo "2449"]

1. e4 {[%clk 1:30:57]} c5 {[%clk 1:30:44]} 2. Nf3 {[%clk 1:31:13]} Nc6
{[%clk 1:30:58]} 3. d4 {[%clk 1:31:31]} cxd4 {[%clk 1:31:17]} 4. Nxd4
{[%clk 1:31:57]} Nf6 {[%clk 1:31:02]} 5. Nc3 {[%clk 1:32:19]} d6 {[%clk 1:31:24]}
6. Bg5 {[%clk 1:32:40]} e6 {[%clk 1:31:31]} 7. Be2 {[%clk 1:29:04]} Be7
{[%clk 1:25:50]} 8. Qd2 {[%clk 1:23:51]} a6 {[%clk 1:06:39]} 9. O-O-O
{[%clk 1:21:48]} Bd7 {[%clk 1:06:19]} 10. f4 {[%clk 1:15:40]} O-O
{[%clk 0:57:41]} 11. Nf3 {[%clk 1:07:13]} Bc8 {[%clk 0:37:35]} 12. g4
{[%clk 0:42:38]} Qa5 {[%clk 0:33:47]} 13. Kb1 {[%clk 0:37:30]} b5
{[%clk 0:30:50]} 14. Bd3 {[%clk 0:33:25]} Bb7 {[%clk 0:24:10]} 15. Rhg1
{[%clk 0:28:23]} Nb4 {[%clk 0:20:40]} 16. Nd4 {[%clk 0:21:58]} Rac8
{[%clk 0:17:44]} 17. Nb3 {[%clk 0:18:46]} Qb6 {[%clk 0:15:49]} 18. e5
{[%clk 0:11:58]} dxe5 {[%clk 0:15:24]} 19. fxe5 {[%clk 0:11:59]} Nfd5
{[%clk 0:14:37]} 20. Nxd5 {[%clk 0:10:25]} Nxd5 {[%clk 0:14:56]} 21. Rg3
{[%clk 0:07:18]} Bxg5 {[%clk 0:08:12]} 22. Qxg5 {[%clk 0:07:44]} h6
{[%clk 0:08:38]} 23. Qh4 {[%clk 0:07:07]} Qc7 {[%clk 0:06:38]} 24. g5
{[%clk 0:05:50]} Qxe5 {[%clk 0:06:51]} 25. gxh6 {[%clk 0:05:58]} g6
{[%clk 0:06:58]} 26. Rg5 {[%clk 0:05:02]} Qf4 {[%clk 0:05:51]} 27. Rg4
{[%clk 0:04:12]} Qf6 {[%clk 0:05:06]} 28. Qg3 {[%clk 0:04:26]} Ne7
{[%clk 0:05:01]} 29. Rf1 {[%clk 0:01:51]} Nf5 {[%clk 0:04:07]} 30. Qg1
{[%clk 0:02:10]} Kh7 {[%clk 0:04:02]} 31. Nc5 {[%clk 0:00:46]} Qe7
{[%clk 0:02:47]} 32. Nxb7 {[%clk 0:00:48]} Qxb7 {[%clk 0:03:16]} 33. Bxf5
{[%clk 0:01:10]} exf5 {[%clk 0:03:40]} 34. Rxf5 {[%clk 0:01:33]} Qd7
{[%clk 0:01:57]} 35. Rf1 {[%clk 0:01:12]} Qd2 {[%clk 0:01:57]} 36. Rg2
{[%clk 0:01:09]} Qd5 {[%clk 0:01:34]} 37. h4 {[%clk 0:00:57]} Rcd8
{[%clk 0:01:03]} 38. a3 {[%clk 0:00:56]} Qd4 {[%clk 0:00:51]} 39. Rgf2
{[%clk 0:00:36]} Qd5 {[%clk 0:00:37]} 40. h5 {[%clk 0:30:36]} Rd6
{[%clk 0:30:32]} 41. Rf5 {[%clk 0:28:49]} Qe6 {[%clk 0:24:41]} 42. hxg6+
{[%clk 0:24:49]} Qxg6 {[%clk 0:24:56]} 43. Rg5 {[%clk 0:24:15]} Qe4
{[%clk 0:19:08]} 44. Rg7+ {[%clk 0:20:28]} Kh8 {[%clk 0:19:37]} 45. h7
{[%clk 0:19:21]} Rdd8 {[%clk 0:18:54]} 46. Rf2 {[%clk 0:17:43]} Qe5 1-0

[Event "Aleksandria Cup"]
[Site "?"]
[Date "2015.07.17"]
[Round "6.10"]
[White "Beradze, Irakli"]
[Black "Petrosyan, Manuel"]
[Result "1/2-1/2"]
[LiveChessVersion "1.3.1"]
[BlackElo "2449"]
[WhiteElo "2375"]

1. Nf3 {[%clk 1:27:21]} Nf6 {[%clk 1:29:43]} 2. d4 {[%clk 1:26:24]} e6
{[%clk 1:28:35]} 3. c4 {[%clk 1:25:59]} b6 {[%clk 1:28:57]} 4. g3
{[%clk 1:26:18]} Ba6 {[%clk 1:28:30]} 5. Qa4 {[%clk 1:19:50]} Bb7
{[%clk 1:28:32]} 6. Bg2 {[%clk 1:20:09]} c5 {[%clk 1:28:53]} 7. dxc5
{[%clk 1:20:34]} Bxc5 {[%clk 1:28:53]} 8. O-O {[%clk 1:20:50]} O-O
{[%clk 1:29:14]} 9. Nc3 {[%clk 1:20:47]} Be7 {[%clk 1:29:30]} 10. Rd1
{[%clk 1:19:58]} Na6 {[%clk 1:29:48]} 11. Bf4 {[%clk 1:19:57]} Nc5
{[%clk 1:28:59]} 12. Qc2 {[%clk 1:20:23]} Qc8 {[%clk 1:29:06]} 13. Rac1
{[%clk 1:18:41]} Nce4 {[%clk 1:15:14]} 14. Nd4 {[%clk 1:17:37]} Nxc3
{[%clk 1:14:24]} 15. Qxc3 {[%clk 1:18:03]} Bxg2 {[%clk 1:14:46]} 16. Kxg2
{[%clk 1:18:30]} Qb7+ {[%clk 1:15:09]} 17. Qf3 {[%clk 1:18:41]} Ne4
{[%clk 1:10:34]} 18. Nb5 {[%clk 1:12:47]} f5 {[%clk 1:08:41]} 19. Bd6
{[%clk 0:58:58]} Nxd6 {[%clk 0:53:29]} 20. Nxd6 {[%clk 0:54:19]} Qxf3+
{[%clk 0:48:26]} 21. Kxf3 {[%clk 0:54:46]} Rfb8 {[%clk 0:48:20]} 22. e4
{[%clk 0:29:02]} fxe4+ {[%clk 0:46:55]} 23. Nxe4 {[%clk 0:25:49]} Rb7
{[%clk 0:46:07]} 24. Rc3 {[%clk 0:25:31]} Kf8 {[%clk 0:27:04]} 25. a4
{[%clk 0:12:43]} Rc8 {[%clk 0:23:21]} 26. b3 {[%clk 0:13:04]} Bb4
{[%clk 0:23:04]} 27. Rcd3 {[%clk 0:07:10]} Ke7 {[%clk 0:23:09]} 28. Nd6
{[%clk 0:06:40]} 1/2-1/2

[Event "Aleksandria Cup"]
[Site "?"]
[Date "2015.07.17"]
[Round "6.11"]
[White "Hayrapetyan, Hovik"]
[Black "Firouzja, Alireza"]
[Result "1-0"]
[LiveChessVersion "1.3.1"]
[BlackElo "2277"]
[WhiteElo "2444"]

1. d4 {[%clk 1:30:56]} Nf6 {[%clk 1:30:50]} 2. c4 {[%clk 1:31:11]} g6
{[%clk 1:30:17]} 3. Nc3 {[%clk 1:31:32]} c5 {[%clk 1:29:45]} 4. d5
{[%clk 1:31:34]} Bg7 {[%clk 1:29:20]} 5. e4 {[%clk 1:30:53]} O-O {[%clk 1:28:29]}
6. Be3 {[%clk 1:30:11]} d6 {[%clk 1:27:49]} 7. h3 {[%clk 1:29:35]} Na6
{[%clk 1:23:11]} 8. Bd3 {[%clk 1:24:23]} e6 {[%clk 1:22:51]} 9. Nf3
{[%clk 1:23:17]} exd5 {[%clk 1:20:46]} 10. exd5 {[%clk 1:21:22]} Re8
{[%clk 1:18:01]} 11. O-O {[%clk 1:21:24]} Nd7 {[%clk 1:15:05]} 12. Qd2
{[%clk 1:14:12]} Ne5 {[%clk 1:13:22]} 13. Nxe5 {[%clk 1:09:04]} Bxe5
{[%clk 1:12:54]} 14. Rae1 {[%clk 1:08:51]} Nc7 {[%clk 1:04:15]} 15. f4
{[%clk 1:06:30]} Bg7 {[%clk 0:53:58]} 16. f5 {[%clk 1:05:06]} Bxf5
{[%clk 0:29:00]} 17. Bxf5 {[%clk 1:04:50]} gxf5 {[%clk 0:29:24]} 18. Rxf5
{[%clk 1:04:37]} Qd7 {[%clk 0:27:30]} 19. Rf3 {[%clk 0:50:20]} f5
{[%clk 0:22:40]} 20. Ref1 {[%clk 0:43:47]} Re7 {[%clk 0:21:12]} 21. Bh6
{[%clk 0:41:08]} Rf8 {[%clk 0:17:53]} 22. Bxg7 {[%clk 0:41:16]} Rxg7
{[%clk 0:18:16]} 23. Ne2 {[%clk 0:41:43]} Qe7 {[%clk 0:15:47]} 24. Ng3
{[%clk 0:38:50]} f4 {[%clk 0:13:35]} 25. Rxf4 {[%clk 0:38:23]} Rxf4
{[%clk 0:13:26]} 26. Qxf4 {[%clk 0:38:48]} Rg6 {[%clk 0:13:43]} 27. Nf5
{[%clk 0:38:26]} Qf8 {[%clk 0:14:07]} 28. g4 {[%clk 0:32:30]} Ne8
{[%clk 0:11:20]} 29. g5 {[%clk 0:32:20]} Kh8 {[%clk 0:10:58]} 30. Nh4
{[%clk 0:32:25]} 1-0

[Event "Aleksandria Cup"]
[Site "?"]
[Date "2015.07.17"]
[Round "6.12"]
[White "Bernadskiy, Vitaliy"]
[Black "Patsia, Zviad"]
[Result "1/2-1/2"]
[LiveChessVersion "1.3.1"]
[BlackElo "2231"]
[WhiteElo "2548"]

1. Nf3 {[%clk 1:18:03]} Nf6 {[%clk 1:28:56]} 2. g3 {[%clk 1:15:37]} d5
{[%clk 1:27:00]} 3. Bg2 {[%clk 1:16:02]} c6 {[%clk 1:27:16]} 4. d3
{[%clk 1:14:35]} Bf5 {[%clk 1:27:24]} 5. O-O {[%clk 1:14:39]} h6 {[%clk 1:27:30]}
6. b3 {[%clk 1:13:27]} e6 {[%clk 1:27:53]} 7. Bb2 {[%clk 1:13:52]} Be7
{[%clk 1:28:20]} 8. Nbd2 {[%clk 1:13:53]} Bh7 {[%clk 1:27:57]} 9. c4
{[%clk 1:11:36]} O-O {[%clk 1:28:16]} 10. a3 {[%clk 1:11:12]} a5 {[%clk 1:25:41]}
11. Rc1 {[%clk 1:10:05]} Nbd7 {[%clk 1:24:53]} 12. Rc2 {[%clk 1:10:09]} b5
{[%clk 1:15:36]} 13. Nd4 {[%clk 1:09:08]} Qb6 {[%clk 1:15:08]} 14. cxd5
{[%clk 1:05:56]} cxd5 {[%clk 1:11:49]} 15. Rc6 {[%clk 1:06:23]} Qb7
{[%clk 1:10:53]} 16. Qc2 {[%clk 1:06:44]} b4 {[%clk 0:56:01]} 17. a4
{[%clk 1:06:43]} Rfc8 {[%clk 0:56:27]} 18. Rc1 {[%clk 1:06:34]} Bc5
{[%clk 0:56:37]} 19. Rxc8+ {[%clk 1:05:27]} Rxc8 {[%clk 0:55:02]} 20. e3
{[%clk 1:04:24]} Ng4 {[%clk 0:34:00]} 21. Bf3 {[%clk 1:01:42]} Nge5
{[%clk 0:30:51]} 22. Be2 {[%clk 1:01:54]} Nb6 {[%clk 0:27:00]} 23. Qb1
{[%clk 0:57:47]} Nbd7 {[%clk 0:25:33]} 24. Nb5 {[%clk 0:49:51]} Bb6
{[%clk 0:24:35]} 25. Rd1 {[%clk 0:44:47]} Rc6 {[%clk 0:21:56]} 26. Nf3
{[%clk 0:38:09]} Nxf3+ {[%clk 0:20:32]} 27. Bxf3 {[%clk 0:38:37]} Nc5
{[%clk 0:16:14]} 28. e4 {[%clk 0:37:30]} Qd7 {[%clk 0:12:18]} 29. Bd4
{[%clk 0:37:33]} Bg6 {[%clk 0:05:59]} 30. Qb2 {[%clk 0:32:38]} f6
{[%clk 0:04:51]} 31. Be3 {[%clk 0:33:01]} Kh7 {[%clk 0:04:07]} 32. Nd4
{[%clk 0:29:42]} Rc8 {[%clk 0:04:12]} 33. exd5 {[%clk 0:29:48]} exd5
{[%clk 0:04:38]} 34. Qe2 {[%clk 0:30:14]} Re8 {[%clk 0:04:04]} 35. Qf1
{[%clk 0:27:11]} Ne6 {[%clk 0:02:51]} 36. Qh3 {[%clk 0:25:10]} Bxd4
{[%clk 0:02:32]} 37. Bxd4 {[%clk 0:25:35]} Qd6 {[%clk 0:02:39]} 38. Be3
{[%clk 0:24:57]} d4 {[%clk 0:03:06]} 39. Bd2 {[%clk 0:54:37]} Nc5
{[%clk 0:33:09]} 40. Bh5 {[%clk 0:52:14]} f5 {[%clk 0:32:55]} 41. Bf3
{[%clk 0:47:52]} Nxb3 {[%clk 0:31:14]} 42. Bf4 {[%clk 0:46:57]} Qe6
{[%clk 0:31:12]} 43. Qf1 {[%clk 0:46:33]} Bf7 {[%clk 0:30:59]} 44. h4
{[%clk 0:46:41]} Qd7 {[%clk 0:31:09]} 45. Qg2 {[%clk 0:47:08]} Rc8
{[%clk 0:30:28]} 46. g4 {[%clk 0:47:05]} Nc5 {[%clk 0:29:15]} 47. gxf5
{[%clk 0:46:32]} Qxf5 {[%clk 0:28:48]} 48. Bd6 {[%clk 0:43:18]} Qf6
{[%clk 0:22:52]} 49. Bg4 {[%clk 0:42:46]} Be6 {[%clk 0:20:31]} 50. Rc1
{[%clk 0:43:13]} Bxg4 {[%clk 0:18:30]} 51. Qxg4 {[%clk 0:43:25]} Qxd6
{[%clk 0:18:56]} 52. Qxc8 {[%clk 0:43:42]} Qg6+ {[%clk 0:19:04]} 53. Kh2
{[%clk 0:43:54]} Nxd3 {[%clk 0:19:17]} 54. Rg1 {[%clk 0:43:00]} Qf6
{[%clk 0:17:44]} 55. Qg4 {[%clk 0:40:02]} Nxf2 {[%clk 0:17:09]} 56. Qg3
{[%clk 0:40:19]} Ne4 {[%clk 0:15:36]} 57. Qg4 {[%clk 0:40:41]} Qe5+
{[%clk 0:13:12]} 58. Kg2 {[%clk 0:41:07]} Nf6 {[%clk 0:13:07]} 59. Qf3
{[%clk 0:41:23]} Qe4 {[%clk 0:13:26]} 60. Rd1 {[%clk 0:38:16]} Qc2+
{[%clk 0:12:48]} 61. Kf1 {[%clk 0:33:54]} b3 {[%clk 0:12:27]} 62. Qd3+
{[%clk 0:33:59]} Ne4 {[%clk 0:12:38]} 63. Qf3 {[%clk 0:33:59]} Nc3
{[%clk 0:11:07]} 64. Rd3 {[%clk 0:34:12]} Kg8 {[%clk 0:05:42]} 65. Qa8+
{[%clk 0:34:02]} Kh7 {[%clk 0:04:57]} 66. Qf3 {[%clk 0:34:26]} Kg8
{[%clk 0:05:26]} 67. Qa8+ {[%clk 0:34:50]} Kf7 {[%clk 0:05:26]} 68. Qf3+
{[%clk 0:30:23]} Kg8 {[%clk 0:00:51]} 1/2-1/2

[Event "Aleksandria Cup"]
[Site "?"]
[Date "2015.07.17"]
[Round "6.13"]
[White "Yayloyan, Konstantin"]
[Black "Quparadze, Giga"]
[Result "0-1"]
[LiveChessVersion "1.3.1"]
[BlackElo "2484"]
[WhiteElo "2173"]

1. e4 {[%clk 1:30:56]} c5 {[%clk 1:30:52]} 2. Nf3 {[%clk 1:31:21]} e6
{[%clk 1:31:17]} 3. d4 {[%clk 1:31:45]} cxd4 {[%clk 1:31:43]} 4. Nxd4
{[%clk 1:32:12]} a6 {[%clk 1:32:09]} 5. Nc3 {[%clk 1:32:30]} b5 {[%clk 1:32:22]}
6. Bd3 {[%clk 1:32:41]} Qb6 {[%clk 1:32:47]} 7. Be3 {[%clk 1:32:24]} Bc5
{[%clk 1:32:34]} 8. Nce2 {[%clk 1:31:35]} Nc6 {[%clk 1:29:57]} 9. c3
{[%clk 1:29:23]} b4 {[%clk 1:29:21]} 10. O-O {[%clk 1:23:45]} bxc3
{[%clk 1:28:37]} 11. bxc3 {[%clk 1:24:06]} Ne5 {[%clk 1:28:53]} 12. Nc1
{[%clk 1:17:40]} Qc7 {[%clk 1:25:50]} 13. Be2 {[%clk 1:07:05]} Ba7
{[%clk 1:24:12]} 14. f4 {[%clk 1:03:39]} Qxc3 {[%clk 1:24:13]} 15. Bf2
{[%clk 0:59:32]} Qxa1 {[%clk 1:24:25]} 16. Qd2 {[%clk 0:53:08]} Nf6
{[%clk 1:18:49]} 17. Ncb3 {[%clk 0:52:53]} Nxe4 {[%clk 1:19:12]} 18. Qc2
{[%clk 0:53:17]} Qc3 {[%clk 1:19:29]} 19. Qxe4 {[%clk 0:53:45]} Nc6
{[%clk 1:19:54]} 20. Rc1 {[%clk 0:51:39]} Qb4 {[%clk 1:20:20]} 21. Rxc6
{[%clk 0:47:05]} Bb7 {[%clk 1:20:36]} 22. Rc4 {[%clk 0:46:02]} Qxc4
{[%clk 1:21:00]} 23. Qxb7 {[%clk 0:46:30]} Qc8 {[%clk 1:21:11]} 24. Qxc8+
{[%clk 0:46:44]} Rxc8 {[%clk 1:21:34]} 25. Bxa6 {[%clk 0:47:12]} Ra8
{[%clk 1:21:51]} 26. Bb7 {[%clk 0:47:12]} Rb8 {[%clk 1:22:15]} 27. Bf3
{[%clk 0:47:38]} O-O {[%clk 1:22:34]} 28. Be2 {[%clk 0:47:16]} Ra8
{[%clk 1:22:38]} 0-1

[Event "Aleksandria Cup"]
[Site "?"]
[Date "2015.07.17"]
[Round "6.14"]
[White "Benidze, Davit"]
[Black "Vakhania, Alexandra"]
[Result "1-0"]
[LiveChessVersion "1.3.1"]
[BlackElo "2178"]
[WhiteElo "2465"]

1. Nf3 {[%clk 1:30:56]} Nf6 {[%clk 1:30:52]} 2. g3 {[%clk 1:31:20]} d5
{[%clk 1:29:28]} 3. c4 {[%clk 1:31:42]} c6 {[%clk 1:29:44]} 4. Bg2
{[%clk 1:32:06]} e6 {[%clk 1:30:09]} 5. O-O {[%clk 1:32:29]} Be7 {[%clk 1:30:34]}
6. d4 {[%clk 1:32:39]} b5 {[%clk 1:29:19]} 7. c5 {[%clk 1:33:00]} a5
{[%clk 1:29:20]} 8. Nbd2 {[%clk 1:31:13]} Nbd7 {[%clk 1:27:50]} 9. Qc2
{[%clk 1:27:19]} O-O {[%clk 1:27:32]} 10. e4 {[%clk 1:27:43]} dxe4
{[%clk 1:26:15]} 11. Ne5 {[%clk 1:24:34]} Qc7 {[%clk 1:13:24]} 12. Nxe4
{[%clk 1:23:46]} Nd5 {[%clk 1:09:34]} 13. Nxd7 {[%clk 1:16:29]} Bxd7
{[%clk 1:08:05]} 14. Ng5 {[%clk 1:15:04]} Bxg5 {[%clk 1:02:31]} 15. Bxg5
{[%clk 1:13:47]} f6 {[%clk 1:02:26]} 16. Bd2 {[%clk 1:14:15]} Be8
{[%clk 1:00:56]} 17. Be4 {[%clk 1:12:46]} h6 {[%clk 1:01:05]} 18. Rae1
{[%clk 1:11:47]} Bf7 {[%clk 1:01:23]} 19. Re2 {[%clk 1:11:28]} Rfd8
{[%clk 1:01:06]} 20. a3 {[%clk 1:10:10]} Ne7 {[%clk 0:51:40]} 21. Bf4
{[%clk 1:06:16]} Qd7 {[%clk 0:50:32]} 22. Rfe1 {[%clk 1:04:59]} Nf5
{[%clk 0:39:33]} 23. d5 {[%clk 0:57:04]} Nd4 {[%clk 0:25:25]} 24. dxc6
{[%clk 0:56:25]} Nxc6 {[%clk 0:25:28]} 25. Rd2 {[%clk 0:54:55]} Qe8
{[%clk 0:23:38]} 26. Rd6 {[%clk 0:48:34]} Rac8 {[%clk 0:22:07]} 27. Qd3
{[%clk 0:48:20]} e5 {[%clk 0:16:07]} 28. Be3 {[%clk 0:45:21]} Bc4
{[%clk 0:10:07]} 29. Qd2 {[%clk 0:44:52]} Rxd6 {[%clk 0:07:31]} 30. cxd6
{[%clk 0:44:42]} Qe6 {[%clk 0:07:35]} 31. Bxc6 {[%clk 0:43:59]} 1-0

[Event "Aleksandria Cup"]
[Site "?"]
[Date "2015.07.17"]
[Round "6.15"]
[White "Mgeladze, Tamaz"]
[Black "Assaubayeva, Bibissara"]
[Result "1-0"]
[LiveChessVersion "1.3.1"]
[BlackElo "2103"]
[WhiteElo "2337"]

1. c4 {[%clk 1:30:59]} c6 {[%clk 1:30:35]} 2. Nf3 {[%clk 1:31:21]} d5
{[%clk 1:30:48]} 3. g3 {[%clk 1:31:47]} Nf6 {[%clk 1:31:10]} 4. Bg2
{[%clk 1:32:12]} Bf5 {[%clk 1:31:29]} 5. b3 {[%clk 1:29:25]} e6 {[%clk 1:30:18]}
6. Bb2 {[%clk 1:29:50]} h6 {[%clk 1:28:27]} 7. O-O {[%clk 1:26:25]} Be7
{[%clk 1:28:48]} 8. d3 {[%clk 1:26:51]} O-O {[%clk 1:27:44]} 9. Nbd2
{[%clk 1:27:09]} Nbd7 {[%clk 1:25:48]} 10. Qc2 {[%clk 1:27:31]} Bh7
{[%clk 1:22:44]} 11. a3 {[%clk 1:27:44]} a5 {[%clk 1:20:04]} 12. Bc3
{[%clk 1:28:10]} b5 {[%clk 1:12:37]} 13. cxb5 {[%clk 1:27:53]} cxb5
{[%clk 1:13:05]} 14. b4 {[%clk 1:28:22]} a4 {[%clk 1:08:44]} 15. Qb2
{[%clk 1:26:16]} Rc8 {[%clk 1:00:01]} 16. Ne5 {[%clk 1:26:17]} Nxe5
{[%clk 0:57:14]} 17. Bxe5 {[%clk 1:24:05]} Bd6 {[%clk 0:56:41]} 18. Rfc1
{[%clk 1:13:24]} Bxe5 {[%clk 0:53:38]} 19. Qxe5 {[%clk 1:13:52]} Qb6
{[%clk 0:54:02]} 20. Nf3 {[%clk 1:14:03]} Nd7 {[%clk 0:49:01]} 21. Qb2
{[%clk 1:10:29]} Qb8 {[%clk 0:40:53]} 22. Rxc8 {[%clk 1:07:37]} Rxc8
{[%clk 0:41:14]} 23. Rc1 {[%clk 1:08:02]} Rxc1+ {[%clk 0:29:51]} 24. Qxc1
{[%clk 1:08:30]} e5 {[%clk 0:26:25]} 25. Qc6 {[%clk 1:07:45]} Nf6
{[%clk 0:26:43]} 26. d4 {[%clk 1:04:12]} e4 {[%clk 0:24:43]} 27. Ne5
{[%clk 1:04:23]} Bf5 {[%clk 0:23:35]} 28. e3 {[%clk 1:03:52]} Qe8
{[%clk 0:18:57]} 29. Bf1 {[%clk 1:01:39]} Bd7 {[%clk 0:15:30]} 30. Qc5
{[%clk 1:00:36]} Qc8 {[%clk 0:08:55]} 31. Qxc8+ {[%clk 1:00:37]} Bxc8
{[%clk 0:09:17]} 32. Bxb5 {[%clk 1:01:05]} Kf8 {[%clk 0:08:42]} 33. Bxa4
{[%clk 1:01:25]} 1-0